Statistics for Record of Ragnorok v2

Click here to take the quiz!

General Stats

  • This quiz has been taken 12 times
  • The average score is 7 of 15

Answer Stats

HintAnswer% Correct
Zeus's defeatedAdam
88%
Who was the one that was killed by PoseidonAdamas
88%
Poseidon's weapontrident
88%
Who did Loki almost fightbuddha
50%
Killer in 19th century LondonJack The Ripper
50%
Jack's final attackDear god
38%
Lu Bu's weaponhalberd
38%
Adam's weaponKnuckleduster
38%
Who killed Sasaki koujiroMiyamoto Musashi
38%
One of the smartest human fighterNikola Tesla
38%
lover of the Russian queenRasputin
38%
Who helped save AdamasBeelzebub
25%
Lu Bu's final attacksky piercer
25%
demon lord of the 6th heavenHajun
13%
Who is Shiva's best friend among the Hindu godsIndra
0%

Score Distribution

Percentile by Number Answered

Percent of People with Each Score

Your Score History

You have not taken this quiz